LIBRARY & INFORMATION CENTRE, KCAET, TAVANUR

ONLINE PUBLIC ACCESS CATALOGUE (OPAC)

Rainfall - Runoff Modelling: | The Primer (Record no. 19450)

MARC details
000 -LEADER
fixed length control field 00536nam a22001817a 4500
003 - CONTROL NUMBER IDENTIFIER
control field OSt
008 - FIXED-LENGTH DATA ELEMENTS--GENERAL INFORMATION
fixed length control field 250224b |||||||| |||| 00| 0 eng d
020 ## - INTERNATIONAL STANDARD BOOK NUMBER
ISBN 9 780470 714591
041 ## - LANGUAGE CODE
Language code of text/sound track or separate title eng
082 ## - DEWEY DECIMAL CLASSIFICATION NUMBER
Classification number 551.48'8
Item number BEV/RA
100 ## - MAIN ENTRY--AUTHOR NAME
Personal name Beven, Keith
245 ## - TITLE STATEMENT
Title Rainfall - Runoff Modelling:
Remainder of title The Primer
250 ## - EDITION STATEMENT
Edition statement 2nd
260 ## - PUBLICATION, DISTRIBUTION, ETC. (IMPRINT)
Place of publication London, UK:
Name of publisher Wiley Blackwell, John Wiley & Sons Ltd,
Year of publication 2012.
300 ## - PHYSICAL DESCRIPTION
Number of Pages 457p.
650 ## - SUBJECT ADDED ENTRY--TOPICAL TERM
Topical Term 1. Runoff - Mathematical models 2. Rain and rainfall - Mathematical Models
942 ## - ADDED ENTRY ELEMENTS (KOHA)
Koha item type Books
Holdings
Withdrawn status Lost status Damaged status Home library Current library Shelving location Date acquired Cost, normal purchase price Full call number Accession Number Koha item type
      KAUAET KAUAET Reference 24/02/2025 4149.92 551.48'8 BEV/RA 22625 Books
free website counter